000 00223nam a2200097Ia 4500
008 120527s9999 xx 000 0 und d
100 _aPOST,James E.
245 _aBusiness and society.
260 _bMcgraw-hill
942 _cBK
999 _c24162
_d24162